Investments in Tertiary Education in the Context of Labor Market Needs at the Beginning of the 21st Century

Overenie hypotézy, že príčina nedostatočného využitia potenciálu terciárneho vzdelávanie ľudí je odrazom nedostatočnej štruktúry a alokácie investícií do terciárneho vzdelávania. Porovnanie vzájomného vzťahu medzi terciárnym vzdelávaním a možnosti úspešného uplatnenia na trhu práce v rámci jednotliv...

Full description

Saved in:
Bibliographic Details
Main Author: Rozborilová, Dária
Format: Book Chapter
Language:English
Subjects:
Tags: Add Tag
No Tags, Be the first to tag this record!

MARC

LEADER 00000naa a2200000 4500
001 0249620
005 20240712104118.9
041 0 |a eng 
044 |a AE 
245 1 0 |a Investments in Tertiary Education in the Context of Labor Market Needs at the Beginning of the 21st Century  |c Dária Rozborilová 
520 |a Overenie hypotézy, že príčina nedostatočného využitia potenciálu terciárneho vzdelávanie ľudí je odrazom nedostatočnej štruktúry a alokácie investícií do terciárneho vzdelávania. Porovnanie vzájomného vzťahu medzi terciárnym vzdelávaním a možnosti úspešného uplatnenia na trhu práce v rámci jednotlivých krajín EÚ. 
610 2 0 |a vzdelávanie terciárne 
610 2 0 |a vzdelávanie vysokoškolské 
610 2 0 |a vzdelávanie celoživotné 
610 2 0 |a vzdelávanie ďalšie 
610 2 0 |a kapitál ľudský 
610 2 0 |a trh práce 
610 2 0 |a zamestnanie 
610 2 0 |a zamestnanci 
610 2 0 |a migrácia 
100 1 |a Rozborilová, Dária